| 000 | 00946cam a2200289 a 4500 | ||
|---|---|---|---|
| 001 | 000005511 | ||
| 005 | 20200929151708.0 | ||
| 008 | 940809s1998 sp a b 000 j spa | ||
| 010 | _a94193332 | ||
| 020 | _a8437608473 | ||
| 040 |
_aDO-SdBNP _bspa _cBNPHU |
||
| 082 |
_a861.44 _bI68f, 1998 |
||
| 100 | 1 |
_aIriarte, Tomás de, _d1750-1791. _915609 |
|
| 245 | 1 | 0 |
_aFábulas literarias / _cTomás de Iriarte ; edición de Ángel L. Prieto de Paula. |
| 250 | _a2a ed. | ||
| 260 |
_aMadrid : _bCátedra, _c1998. |
||
| 300 |
_a262 p. : _bil. ; _c18 cm. |
||
| 440 | 0 |
_aLetras hispánicas ; _v347 _94208 |
|
| 504 | _aIncluye referencias bibliográficas (p. 105-109). | ||
| 650 | 4 |
_aFábulas españolas _915610 |
|
| 650 | 4 |
_aAnimales _xFábulas _915611 |
|
| 650 | 4 |
_aLiteratura española _9632 |
|
| 650 | 4 |
_aAnimales _xCuentos y leyendas _915612 |
|
| 700 | 1 |
_aPrieto de Paula, Angel L., _eed. _915613 |
|
| 910 | _aCatalogación derivada | ||
| 910 | _aWM | ||
| 999 |
_c5310 _d5310 |
||